01902 a2200205 45000010006000000050017000060080041000230030015000640400040000790800032001192450134001510200018002852500012003032640055003153000019003705051183003890410008015721000017015808560099015975304020260407155804.0260407a2004 arg spa dAR-UNSa-BCEJYS aAR-UNSa-BCEJYSbspacAR-UNSa-BCEJYS a330(82)xEconomia Argentina10aLa economía ArgentinabDesde sus orígenes hasta principios del siglo XXIpDesde sus orígenes hasta principios del siglo XXI a950-557-619-6 a3a. ed. 1aBuenos Aires :bFondo de Cultura Económicac2004 a382 p.c23 cm. a1. Las vísperas de la globalización - 2. Formación de la economía colonial americana - 3. Las economías regionales de subsistencia del actual territorio argentino - 4. Estructura y dinámica dl sistema - 5. El puerto de Buenos Aires como intermedio comercial - 6. Expansión de la ganadería - 7. El desarrollo del Litoral - 8. El estancamiento del interior - 9. La Revolución Industrial y la integración de la economía mundial -10. El poder económico y el sistema político - 11. Régimen económico y el suistema político - 13. Vulnerabilidada y ajuste - 13. quiebra del equilibrio interregional - 14. La economía mundial:de la crisis de 1930 al período dorado - 15. Las nuevas condiciones del desarrollo - 16. La política económica - 17. Estructura y dinámica del sistema - 18. Consolidación del desequilibrio interregional - 19. Tendencias recientes de la globalización - 20. La política económica - 20.La política económica - 21. Estructura y dinámica del sistema - 22. Las regiones y el país - 23. Acerca de la globalización, el desarrollo y densidad nacional - 24. La economía argentina a principios del siglo XXI  aspa1 aFerrer, Aldo41uhttps://www.biblioeco.unsa.edu.ar/pmb/images/libros/L128394.jpgyImagen de portadaqimage/jpeg